<?xml version="1.0" encoding="UTF-8"?>
<record
    xmlns:xsi="http://www.w3.org/2001/XMLSchema-instance"
    xsi:schemaLocation="http://www.loc.gov/MARC21/slim http://www.loc.gov/standards/marcxml/schema/MARC21slim.xsd"
    xmlns="http://www.loc.gov/MARC21/slim">

  <leader>01103nam a2200229 a 4500</leader>
  <controlfield tag="001">BRCA_9068</controlfield>
  <controlfield tag="005">20190320210519.0</controlfield>
  <controlfield tag="008">040917s1763----sp-#######---#000-0#lat-#</controlfield>
  <datafield tag="041" ind1=" " ind2=" ">
    <subfield code="a">lat</subfield>
  </datafield>
  <datafield tag="084" ind1=" " ind2=" ">
    <subfield code="a">CO17</subfield>
    <subfield code="b">.C85 1763</subfield>
  </datafield>
  <datafield tag="100" ind1="1" ind2=" ">
    <subfield code="a">Cujas, Jacques</subfield>
    <subfield code="d">1522 - 1590</subfield>
    <subfield code="9">22429</subfield>
  </datafield>
  <datafield tag="245" ind1="1" ind2="0">
    <subfield code="a">Promptuarium universorum operum Jacobi Cujacii</subfield>
    <subfield code="b">lectionibus variantibus codicis,novellarum constitutionum, institutionum divi Justiniani, feudorum, &amp; Li. II. III. &amp; IV. epistolarum decretalium gegorii IX. accommodatum  inter se lectionibus praesertim titulorum, &amp; legum florentinae, vulgataeque editionis Pandectarum sive Digestorum accommodatum</subfield>
    <subfield code="c">cura, et industria Dominici Albanensis... ; tomus secundus.</subfield>
  </datafield>
  <datafield tag="260" ind1=" " ind2=" ">
    <subfield code="a">Neapoli</subfield>
    <subfield code="b">Ex typographia simoniana</subfield>
    <subfield code="c">1763</subfield>
  </datafield>
  <datafield tag="300" ind1=" " ind2=" ">
    <subfield code="a">347 p. (t.2)</subfield>
  </datafield>
  <datafield tag="500" ind1=" " ind2=" ">
    <subfield code="a">Siperiorum facultate</subfield>
  </datafield>
  <datafield tag="500" ind1=" " ind2=" ">
    <subfield code="a">Estado f&#xED;sico: presenta encuadernaci&#xF3;n en pergamino con cantos decorados</subfield>
  </datafield>
  <datafield tag="650" ind1="1" ind2="4">
    <subfield code="a">Derecho romano</subfield>
    <subfield code="v">Indices</subfield>
    <subfield code="9">22430</subfield>
  </datafield>
  <datafield tag="650" ind1="1" ind2="4">
    <subfield code="a">Corpus juris civilis</subfield>
    <subfield code="v">Indices</subfield>
    <subfield code="9">22431</subfield>
  </datafield>
  <datafield tag="700" ind1="1" ind2=" ">
    <subfield code="a">Albanese, Domenico</subfield>
    <subfield code="d">fl. 1760</subfield>
    <subfield code="e">compilador</subfield>
    <subfield code="9">22432</subfield>
  </datafield>
  <datafield tag="902" ind1=" " ind2=" ">
    <subfield code="a">CFM</subfield>
  </datafield>
  <datafield tag="942" ind1=" " ind2=" ">
    <subfield code="2">lcc</subfield>
    <subfield code="c">B</subfield>
  </datafield>
  <datafield tag="999" ind1=" " ind2=" ">
    <subfield code="c">8718</subfield>
    <subfield code="d">8718</subfield>
  </datafield>
  <datafield tag="952" ind1=" " ind2=" ">
    <subfield code="0">0</subfield>
    <subfield code="1">0</subfield>
    <subfield code="4">0</subfield>
    <subfield code="7">0</subfield>
    <subfield code="a">BRCA</subfield>
    <subfield code="b">BRCA</subfield>
    <subfield code="d">2017-09-04</subfield>
    <subfield code="l">0</subfield>
    <subfield code="o">CO17 .C85 1763</subfield>
    <subfield code="p">CFM00425</subfield>
    <subfield code="r">2019-03-22 00:00:00</subfield>
    <subfield code="w">2019-03-22</subfield>
    <subfield code="y">B</subfield>
  </datafield>
</record>
